000 00569nam a2200229Ia 4500
003 OSt
005 20221005130346.0
006 a|||||r|||| 00| 0
007 ta
008 221004b |||||||| |||| 00| 0 eng d
024 _a57542
037 _cTextual
040 _aCRL
_cCRL
_beng
041 _2eng
_aeng
082 _aU:4653:N6, L0
100 _aBrutzkus Eliezer
_9637966
245 0 _aRegional policy in Israel
260 _c1970
650 _aGEOGRAPHY
942 _hU:4653:N6, L0
_cTEXL
_2cc
999 _c1056943
_d1056943